Μεθοδολογία συγγραφής πτυχιακών εργασιών και επιστημονικών μελετών : μια προσπάθεια συμβολής στην έρευνα και στη συγγραφή της επιστημονικής εργασίας

Αποθηκεύτηκε σε:
Λεπτομέρειες βιβλιογραφικής εγγραφής
Κύριος συγγραφέας: Ντάνος, Αναστάσιος Σ.
Μορφή: Βιβλίο
Γλώσσα:Greek
Δημοσίευση: Αθήνα : Σύγχρονη Εκδοτική, 2016.
Θέματα:
Ετικέτες: Προσθήκη ετικέτας
Δεν υπάρχουν, Καταχωρήστε ετικέτα πρώτοι!

MARC

LEADER 00000cam a2200000 a 4500
001 1/116718
008 180601s2016####gr | ||| |||| ||gre||
020 |a 9789605950064 
040 |a GR-MyUa  |b gre  |c GR-MyUa  |e AACR2 
041 0 |a gre 
082 7 |a 808.066378   |2 (23) 
100 1 |a Ντάνος, Αναστάσιος Σ. 
245 1 0 |a Μεθοδολογία συγγραφής πτυχιακών εργασιών και επιστημονικών μελετών :   |b μια προσπάθεια συμβολής στην έρευνα και στη συγγραφή της επιστημονικής εργασίας /   |c Αναστάσιος Σ. Ντάνος.  
260 |a Αθήνα :   |b Σύγχρονη Εκδοτική,   |c 2016.  
300 |a 295 σ. ;   |c 24 εκ.  
504 |a Περιλαμβάνει βιβλιογραφικές παραπομπές και ευρετήριο.  
650 0 |a Dissertations, Academic  |x Authorship. 
650 0 |a Technical writing. 
650 0 |a Dissertations, Academic  |v Handbooks, manuals, etc. 
650 0 |a Social sciences  |x Research  |x Methodology. 
650 0 |a Academic writing. 
852 |a INST  |b CHIOS  |c EUDOXUS  |e 20190610  |h 808.066378 ΝΤΑ  |p 005200038554  |q 005200038554  |t BK  |y 0 
852 |a INST  |b LESVOS  |c EUDOXUS  |e 20190911  |h 808.066378 ΝΤΑ  |p 005100061803  |q 005100061803  |t EDX  |y 0 
852 |a INST  |b RHODES  |c EUDOXUS  |e 20180601  |h 808.066378 ΝΤΑ  |p 005400040116  |q 005400040116  |t EDX  |y 0 
852 |a INST  |b SYROS  |c EUDOXUS  |e 20190214  |h 808.066378 ΝΤΑ  |p 005500013764  |q 005500013764  |t EDX  |y 0 
920 |a Εύδοξος  |b Παραγγελία  |y Ρόδος-ΠΤΔΕ  |z 2018-04 
920 |a Εύδοξος  |b Παραγγελία  |y Σύρος-ΤΜΣΠΣ  |z 2019-02 
920 |a Εύδοξος  |b Παραγγελία  |y Χίος  |z 2019-06-10 
920 |a Εύδοξος  |b Επιστροφή  |y Λέσβος  |z 2019-09 
970 |z 01-06-2018